A study to determine the effects of cinnamon on blood glucose ... annual report.

Bibliographic Details
Corporate Authors: Human Nutrition National Program (U.S.), United States. Agricultural Research Service
Format: Government Document Serial
Language:English
Published: Washington, D.C. : U.S. Dept. of Agriculture, Agricultural Research Service.
Subjects:
Online Access:https://purl.fdlp.gov/GPO/LPS109322
Online Availability: Check for online availability

MARC

Tag First Indicator Second Indicator Subfields
LEADER 00000cas a2200000 a 4500
001 in00002484721
005 20211202190917.0
006 m d
007 cr |||||||||||
008 090224c20089999dcuar s f0 a0eng c
010 |a  2009230542 
022 0 |a 1948-7339  |2 1 
035 |a (OCoLC)ocn310456648 
037 |b ARS National Programs, 5601 Sunnyside Ave., GWCC 4-2154, Beltsville MD 20705 
040 |a GPO  |c GPO  |d DLC  |d GPO  |d MvI  |d UtOrBLW 
042 |a lcd  |a nsdp 
043 |a n-us--- 
049 |a WWW 
050 1 0 |a ISSN RECORD 
074 |a 0026-A-26 (online) 
082 1 0 |a 613  |2 14 
086 0 |a A 77.716/3:C 48/2/ 
210 0 |a Study determine eff. cinnamon blood glucose ... annu. rep.  |b (Online) 
222 2 |a A study to determine the effects of cinnamon on blood glucose ... annual report  |b (Online) 
245 0 2 |a A study to determine the effects of cinnamon on blood glucose ... annual report. 
264 1 |a Washington, D.C. :  |b U.S. Dept. of Agriculture, Agricultural Research Service. 
300 |a  :  |b HTML files. 
310 |a Annual 
336 |a text  |b txt  |2 rdacontent 
337 |a computer  |b c  |2 rdamedia 
338 |a online resource  |b cr  |2 rdacarrier 
362 1 |a Began with 2008. 
538 |a Mode of access: Internet via the USDA Agricultural Research Service web site. Address as of 2/24/09: http://www.ars.usda.gov/research/projects/projects.htm?ACCN%5FNO=412338&showpars=true&fy=2008 ; current access available via PURL. 
500 |a Description based on first issue; title from title screen (viewed Feb. 24, 2009). 
500 |a Latest issue consulted: 2008. 
515 |a Report covers fiscal year. 
500 |a Electronic resource. 
650 0 |a Cinnamon  |x Health aspects  |z United States  |v Periodicals. 
650 0 |a Blood sugar  |v Periodicals. 
650 0 |a Diabetes  |x Nutritional aspects  |z United States  |v Periodicals. 
710 2 |a Human Nutrition National Program (U.S.) 
710 1 |a United States.  |b Agricultural Research Service. 
856 4 0 |u https://purl.fdlp.gov/GPO/LPS109322  |t 0 
999 |a MARS 
999 f f |s 88e923e0-d285-3da0-acf5-355e9550b2eb  |i 558babed-2ef3-3694-8d97-af4c0c752e9f  |t 0 
952 f f |a Texas A&M University  |b College Station  |c Electronic Resources  |d Available Online  |t 0  |e A 77.716/3:C 48/2/  |h Superintendent of Documents classification 
998 f f |a A 77.716/3:C 48/2/  |t 0  |l Available Online